| 000 | 00000nas 2200000zi 4500 |
| 001 | 9.911208 |
| 003 | CaOODSP |
| 005 | 20250217111204 |
| 006 | m o d f |
| 007 | cr ||||||||||| |
| 008 | 220516d19871996onc x m o f0###|0eng|d |
| 022 | |y0835-3980 |
| 040 | |aCaOODSP|beng|erda|cCaOODSP |
| 041 | |aeng|afre |
| 043 | |an-cn--- |
| 086 | 1 |aEn57-27-PDF |
| 130 | 0 |aClimate change digest. |
| 245 | 10|aClimate change digest / |cEnvironment Canada. |
| 246 | 15|aSommaire du changement climatique |
| 264 | 1|a[Ottawa] : |bEnvironment Canada = Environnement Canada,|c1987-[1996?] |
| 310 | |aIrregular |
| 336 | |atext|btxt|2rdacontent |
| 337 | |acomputer|bc|2rdamedia |
| 338 | |aonline resource|bcr|2rdacarrier |
| 362 | 1 |aBegan with: CCD 87-01. |
| 500 | |aDigitized edition from print [produced by Environment and Climate Change Canada]. |
| 530 | |aIssued also in print format. |
| 546 | |aText in English and French; French text on inverted pages. |
| 550 | |aPrepared for the Atmospheric Environment Service. |
| 650 | 0|aClimatic changes|zCanada. |
| 650 | 0|aClimatology. |
| 710 | 1 |aCanada. |bEnvironment Canada, |eissuing body. |
| 710 | 1 |aCanada. |bAtmospheric Environment Service, |eissuing body. |
| 776 | 0#|tClimate change digest |w(CaOODSP)9.509298 |
| 792 | |tClimate change digest / |efre|w(CaOODSP)9.911231 |